[Event "2nd Science Park Open A"]
[Site "Amsterdam NED"]
[Date "2012.07.16"]
[Round "3"]
[White "Lee, Kai Jie Edward"]
[Black "Beerdsen, Thomas"]
[Result "1/2-1/2"]
[WhiteElo "2126"]
[BlackElo "2044"]
[WhiteFideId "5802920"]
[BlackFideId "1030108"]
[EventDate "2012.07.14"]

1. e4 c5 2. Nf3 d6 3. d4 cxd4 4. Nxd4 Nf6 5. Nc3 a6 6. Bc4 e6 7. Bb3 Be7 8. O-O
O-O 9. f4 Nbd7 10. Kh1 Qc7 11. f5 Nc5 12. Qe2 b5 13. a3 e5 14. Nf3 Bb7 15. Bd5
Nxd5 16. exd5 Rac8 17. Be3 Na4 18. Nxa4 bxa4 19. Ne1 Bxd5 20. f6 Bxf6 21. Rxf6
gxf6 22. Bh6 Kh8 23. Qf1 Qe7 24. Bxf8 Rxf8 25. Qxa6 Rg8 26. Rd1 Qe6 27. Qxa4 Qf5
28. Kg1 Rg4 29. Qe8+ Kg7 30. Rxd5 Qe4 31. Qb5 Qxe1+ 32. Qf1 Qe3+ 33. Kh1 Rf4 34.
Qb1 Qe2 35. Rd1 Rf2 36. Rg1 e4 37. b4 e3 38. b5 Qxc2 39. b6 Rd2 40. Qxc2 Rxc2
41. Rb1 e2 42. Kg1 Rb2 43. Re1 Rxb6 44. Rxe2 Ra6 45. Rd2 f5 46. Kf2 Kf6 47. Rd3
Ke5 48. Re3+ Kd5 49. Rf3 Ke4 50. Re3+ Kd4 51. Rh3 f6 1/2-1/2

[Event "2nd Science Park Open A"]
[Site "Amsterdam NED"]
[Date "2012.07.16"]
[Round "3"]
[White "Dehmel, Jens"]
[Black "Punt, Roland"]
[Result "0-1"]
[WhiteElo "2094"]
[BlackElo "2141"]
[WhiteFideId "4676548"]
[BlackFideId "1017527"]
[EventDate "2012.07.14"]

1. d4 d5 2. c4 c6 3. Nf3 Nf6 4. Nc3 a6 5. cxd5 cxd5 6. Bf4 Nc6 7. Rc1 Bf5 8. e3
Ne4 9. Nxe4 Bxe4 10. Qb3 Bxf3 11. gxf3 Qd7 12. Bd3 g6 13. Ke2 Bg7 14. Rc5 Rd8
15. Rhc1 O-O 16. Bg5 Rfe8 17. R1c2 Kh8 18. Bh4 h6 19. Rc1 Rf8 20. Bc2 Rfe8 21.
Qd3 Qe6 22. Ba4 Nxd4+ 23. Kd1 Nxf3 24. Bxe8 Nxh4 25. Ba4 Qg4+ 26. Kc2 Qxa4+ 27.
Kb1 Qb4 28. Qb3 Qe4+ 29. Ka1 b5 30. a3 Nf3 31. Rc8 Rxc8 32. Rxc8+ Kh7 33. Qc2
Qe5 34. Ra8 Qf6 35. Rc8 Ne5 36. Ka2 Nc4 37. Ra8 Qc6 38. Ra7 Qc5 39. Rd7 Bxb2 40.
e4 Qxa3+ 0-1

[Event "2nd Science Park Open A"]
[Site "Amsterdam NED"]
[Date "2012.07.16"]
[Round "3"]
[White "Jacobs, Florian"]
[Black "Hendriks, Theo"]
[Result "1-0"]
[WhiteElo "2130"]
[BlackElo "2067"]
[WhiteFideId "1018329"]
[BlackFideId "1015915"]
[EventDate "2012.07.14"]

1. d4 Nf6 2. c4 g6 3. Nc3 Bg7 4. e4 d6 5. f4 O-O 6. Nf3 c5 7. d5 e6 8. Be2 exd5
9. cxd5 Re8 10. Nd2 a6 11. a4 Qa5 12. O-O b5 13. e5 dxe5 14. axb5 Qd8 15. fxe5
Rxe5 16. Nc4 Rxe2 17. Qxe2 Bg4 18. Qf2 Bf5 19. Bg5 h6 20. Bh4 Nbd7 21. Qd2 axb5
22. Nxb5 Rxa1 23. Rxa1 Qb8 24. Nbd6 Ne4 25. Nxe4 Bxe4 26. d6 Qb7 27. Qe2 f5 28.
Be1 Bd4+ 29. Bf2 Bf6 30. Be1 Bd4+ 31. Kh1 Nf6 32. Bc3 Nh5 33. Rf1 Qd5 34. Bxd4
cxd4 35. Nd2 d3 36. Qf2 Nf6 37. Qg3 Kh7 38. Rc1 f4 39. Rc7+ Kg8 40. Qh3 Bf5 41.
Qxh6 Nd7 42. Rc8+ Kf7 43. Qh7+ 1-0

[Event "2nd Science Park Open A"]
[Site "Amsterdam NED"]
[Date "2012.07.16"]
[Round "3"]
[White "Farrand, Julian T"]
[Black "Van Zetten, Maarten"]
[Result "1/2-1/2"]
[WhiteElo "2116"]
[BlackElo "2027"]
[WhiteFideId "24602469"]
[BlackFideId "1006568"]
[EventDate "2012.07.14"]

1. d4 d5 2. Nc3 e6 3. e4 Nf6 4. Bg5 Be7 5. e5 Nfd7 6. Bxe7 Qxe7 7. Qg4 O-O 8.
Bd3 f5 9. exf6 Nxf6 10. Qh4 g6 11. Nf3 Nc6 12. O-O-O Nh5 13. Qxe7 Nxe7 14. Rhe1
a6 15. Rd2 Nc6 16. Bf1 Bd7 17. Ne5 Nxe5 18. Rxe5 Rf5 19. Re1 Rf7 20. g3 g5 21.
Re5 h6 22. h4 Nxg3 23. Bd3 Nh1 24. hxg5 Nxf2 25. Bg6 Rg7 26. Rxf2 1/2-1/2

[Event "2nd Science Park Open A"]
[Site "Amsterdam NED"]
[Date "2012.07.17"]
[Round "4.1"]
[White "Sergeev, Vladimir"]
[Black "Klein, David"]
[Result "1/2-1/2"]
[WhiteTitle "GM"]
[BlackTitle "FM"]
[WhiteElo "2479"]
[BlackElo "2438"]
[WhiteFideId "14101076"]
[BlackFideId "1003623"]
[EventDate "2012.07.14"]

1. Nf3 e6 2. c4 Nf6 3. b3 d5 4. Bb2 Be7 5. e3 O-O 6. Be2 Nbd7 7. Nc3 c6 8. d4 a6
9. O-O b5 10. c5 Qc7 11. Qc2 b4 12. Na4 a5 13. a3 bxa3 14. Rxa3 Ba6 15. Bxa6
Rxa6 16. Rfa1 Rfa8 17. h3 Qb7 18. Bc3 Bd8 19. Nb2 Bc7 20. Ra4 Ne4 21. Be1 h6 22.
Nd1 e5 23. Nd2 Ng5 24. Nc3 e4 25. Qa2 Nb8 1/2-1/2

[Event "2nd Science Park Open A"]
[Site "Amsterdam NED"]
[Date "2012.07.17"]
[Round "4.2"]
[White "Haslinger, Stewart G"]
[Black "Bosboom, Manuel"]
[Result "1-0"]
[WhiteTitle "GM"]
[BlackTitle "IM"]
[WhiteElo "2536"]
[BlackElo "2375"]
[WhiteFideId "405248"]
[BlackFideId "1000080"]
[EventDate "2012.07.14"]

1. e4 c5 2. Nf3 d6 3. d4 cxd4 4. Nxd4 Nf6 5. Nc3 a6 6. h3 e6 7. g4 d5 8. exd5
Nxd5 9. Bd2 Bc5 10. Nb3 Ba7 11. Qf3 Nc6 12. Nxd5 exd5 13. O-O-O O-O 14. Be3 d4
15. Qf4 Qd5 16. Rg1 Bb8 17. Qg5 Qxg5 18. Bxg5 h6 19. Bh4 Bh2 20. Rh1 Bf4+ 21.
Kb1 Re8 22. Bg2 g5 23. Bg3 Bxg3 24. fxg3 Re3 25. Bxc6 bxc6 26. Rhg1 d3 27. Rxd3
Rxd3 28. cxd3 f5 29. Nd4 fxg4 30. hxg4 Bxg4 31. Nxc6 Re8 32. Nb4 Bf5 33. Kc2 a5
34. Nd5 Kg7 35. g4 Bg6 36. Rg3 Rd8 37. Nb6 Kf6 38. Nc4 Rd5 39. Rf3+ Ke6 40. Rh3
h5 41. gxh5 Bh7 42. Kc3 Kf6 43. d4 Rd8 44. Ne3 Rc8+ 45. Kd2 Rd8 46. Kc3 Rc8+ 47.
Kd2 Rd8 48. Rf3+ Ke6 49. d5+ Ke5 50. Rf7 Bb1 51. h6 Rh8 52. a3 a4 53. Ra7 Rb8
54. Rxa4 Rxb2+ 55. Kc1 Rb3 56. Nc4+ Kxd5 57. Nd2 Rb6 58. Nxb1 Rxh6 59. Rg4 Rh5
60. Nd2 Ke6 61. Nf3 Rh1+ 62. Kb2 Kf5 63. Rxg5+ Kf4 64. Rg1 1-0

[Event "2nd Science Park Open A"]
[Site "Amsterdam NED"]
[Date "2012.07.17"]
[Round "4.3"]
[White "Wiersma, Eelke"]
[Black "Greenfeld, Alon"]
[Result "1/2-1/2"]
[WhiteTitle "IM"]
[BlackTitle "GM"]
[WhiteElo "2375"]
[BlackElo "2556"]
[WhiteFideId "1002864"]
[BlackFideId "2800039"]
[EventDate "2012.07.14"]

1. d4 Nf6 2. c4 g6 3. Nc3 d5 4. Nf3 Bg7 5. Qb3 dxc4 6. Qxc4 O-O 7. e4 Nc6 8. Be2
Bg4 9. d5 Na5 10. Qa4 Bxf3 11. Bxf3 c6 12. O-O b5 13. Qb4 a6 14. Bg5 Re8 15. e5
Nxd5 16. Nxd5 cxd5 17. Rad1 Nc6 18. Qe1 Nxe5 19. Bxd5 Qb8 20. Bxa8 Qxa8 21. Qe2
Nc4 22. b3 Nb6 23. Qd3 e6 24. Qd8 Nd5 25. Qxa8 Rxa8 26. Rc1 Bc3 27. Rfd1 b4 28.
Kf1 a5 29. a4 1/2-1/2

[Event "2nd Science Park Open A"]
[Site "Amsterdam NED"]
[Date "2012.07.17"]
[Round "4.4"]
[White "Hungaski, Robert Andrew"]
[Black "Van Assendelft, Floris"]
[Result "1/2-1/2"]
[WhiteTitle "IM"]
[BlackTitle "FM"]
[WhiteElo "2488"]
[BlackElo "2348"]
[WhiteFideId "2021030"]
[BlackFideId "1010271"]
[EventDate "2012.07.14"]

1. e4 c5 2. Nf3 d6 3. d4 cxd4 4. Nxd4 Nf6 5. Nc3 a6 6. Bc4 e6 7. Bb3 b5 8. O-O
Be7 9. Qf3 Qc7 10. Qg3 O-O 11. Bh6 Ne8 12. Rad1 Bd7 13. Nf3 Nc6 14. Bf4 b4 15.
e5 Nxe5 16. Nxe5 dxe5 17. Bxe5 Qb7 18. Na4 Bb5 19. Rfe1 Qc6 20. Qf3 Qxf3 21.
gxf3 Nf6 22. Bd6 Bxd6 23. Rxd6 Nd7 24. c3 bxc3 25. Nxc3 Nc5 26. Bc2 Rfc8 27. Re3
Bc6 28. Be4 Nxe4 29. fxe4 Kf8 30. Red3 Rab8 31. Rd2 Ke7 32. b3 Rc7 33. R6d4 Rd7
34. Rxd7+ Bxd7 35. f3 Rc8 36. Rc2 g5 37. Kf2 Kf6 38. Ke3 Ke5 39. h4 gxh4 40. f4+
Kf6 41. Kd4 h3 42. Rh2 e5+ 43. fxe5+ Kg5 44. Nd5 Be6 45. Ke3 Kg4 46. Rh1 Rc2 47.
Rg1+ Kh4 48. Rg7 h5 49. Nf4 h2 50. Rh7 Bg4 1/2-1/2

[Event "2nd Science Park Open A"]
[Site "Amsterdam NED"]
[Date "2012.07.17"]
[Round "4.5"]
[White "Bezemer, Arno"]
[Black "Bakre, Tejas"]
[Result "0-1"]
[WhiteTitle "FM"]
[BlackTitle "GM"]
[WhiteElo "2346"]
[BlackElo "2482"]
[WhiteFideId "1001396"]
[BlackFideId "5004195"]
[EventDate "2012.07.14"]

1. d4 Nf6 2. c4 e6 3. Nc3 Bb4 4. e3 c5 5. Bd3 Nc6 6. Nf3 d5 7. O-O O-O 8. a3
Bxc3 9. bxc3 Qc7 10. Bb2 Re8 11. h3 Na5 12. cxd5 exd5 13. Ne5 Rxe5 14. dxe5 Qxe5
15. e4 dxe4 16. Bxe4 Bxh3 17. Bf3 Be6 18. Re1 Qc7 19. c4 Nxc4 20. Bxf6 gxf6 21.
Qc1 Ne5 22. Qh6 Ng6 23. g3 Rd8 24. Kg2 Rd4 25. Rad1 Rxd1 26. Rxd1 b5 27. Rh1 a5
28. Qxh7+ Kf8 29. Qh6+ Ke7 30. Rc1 c4 31. Qd2 Ne5 32. Be4 Qd6 33. Qxa5 f5 34.
Ba8 Bd5+ 35. Bxd5 Qxd5+ 36. Kh3 Nd3 37. Qa7+ Kf6 38. Qb6+ Kg7 39. Rf1 f4 40. f3
c3 41. Qc7 Qe6+ 42. g4 Qe2 43. Qxc3+ f6 44. Qa1 Nf2+ 45. Kg2 Ne4+ 46. Kg1 Ng5
47. Qb1 Nxf3+ 48. Rxf3 Qxf3 49. Qxb5 Qxg4+ 50. Kf1 Qf3+ 51. Kg1 Qxa3 52. Qd7+
Kh6 53. Kh1 Qf3+ 54. Kg1 Qe3+ 55. Kh1 Qe4+ 56. Kg1 f3 57. Kf2 Qe2+ 58. Kg3 Qg2+
59. Kh4 f2 60. Qd3 f1=R 0-1

[Event "2nd Science Park Open A"]
[Site "Amsterdam NED"]
[Date "2012.07.17"]
[Round "4.6"]
[White "Lammens, Tim"]
[Black "Van Oosterom, Chiel"]
[Result "1/2-1/2"]
[WhiteTitle "FM"]
[BlackTitle "IM"]
[WhiteElo "2291"]
[BlackElo "2385"]
[WhiteFideId "1008803"]
[BlackFideId "1013076"]
[EventDate "2012.07.14"]

1. Nf3 d6 2. d4 g6 3. e4 Bg7 4. Bc4 c6 5. Bb3 Nf6 6. Qe2 Bg4 7. O-O O-O 8. Nbd2
e5 9. dxe5 dxe5 10. Nc4 Nbd7 11. h3 Bxf3 12. Qxf3 Nc5 13. Nxe5 Qe7 14. Ng4 Nxg4
15. hxg4 Qxe4 16. Qxe4 Nxe4 17. c3 Rfe8 18. Rd1 Re7 19. Kf1 Rae8 20. Be3 b6 21.
Bf4 Be5 22. Bh6 Bg7 23. Bf4 Be5 24. Bh6 g5 25. Bc2 Re6 26. Bxe4 Rxh6 27. f3 Kg7
28. Kf2 Bd6 29. Rh1 Ree6 30. Rad1 Bc5+ 1/2-1/2

[Event "2nd Science Park Open A"]
[Site "Amsterdam NED"]
[Date "2012.07.17"]
[Round "4.7"]
[White "Gullaksen, Eirik"]
[Black "Afek, Yochanan"]
[Result "1-0"]
[WhiteTitle "IM"]
[BlackTitle "IM"]
[WhiteElo "2382"]
[BlackElo "2293"]
[WhiteFideId "1500945"]
[BlackFideId "2800462"]
[EventDate "2012.07.14"]

1. e4 c5 2. Nf3 Nf6 3. Nc3 Nc6 4. Bb5 d6 5. e5 Ng4 6. exd6 exd6 7. O-O Be7 8.
Nd5 O-O 9. d4 Be6 10. Bxc6 bxc6 11. Nxe7+ Qxe7 12. dxc5 dxc5 13. Qe2 Qb7 14. h3
Nf6 15. c4 Rfe8 16. Be3 Qb4 17. b3 a5 18. Qc2 a4 19. Ne5 Qb8 20. f4 axb3 21.
axb3 Rxa1 22. Rxa1 Nd7 23. Nxd7 Bxd7 24. Qd3 g6 25. Bxc5 Bf5 26. Qc3 Be4 27. Qf6
Re6 28. Qd4 Qe8 29. Bb4 c5 30. Bxc5 Bc6 31. Rf1 Re2 32. Rf2 h5 33. f5 gxf5 34.
Qf6 Re1+ 35. Kh2 Qe5+ 36. Qxe5 Rxe5 37. Bd4 Re4 38. Rd2 Re1 39. b4 Rc1 40. b5
Be4 41. c5 Rb1 42. Bb2 Kh7 43. Kg3 f6 44. c6 Kg6 45. Kf4 h4 46. Ke3 Kf7 1-0

[Event "2nd Science Park Open A"]
[Site "Amsterdam NED"]
[Date "2012.07.17"]
[Round "4.8"]
[White "Antal, Gergely"]
[Black "Padurariu, Ioana-Smaranda"]
[Result "1-0"]
[WhiteTitle "GM"]
[BlackTitle "WIM"]
[WhiteElo "2511"]
[BlackElo "2245"]
[WhiteFideId "717312"]
[BlackFideId "1210947"]
[EventDate "2012.07.14"]

1. e4 c5 2. Nf3 e6 3. b3 b6 4. Bb2 Bb7 5. Qe2 d5 6. exd5 Bxd5 7. Nc3 Bb7 8.
O-O-O Nd7 9. d4 cxd4 10. Nxd4 Qg5+ 11. Kb1 O-O-O 12. Ncb5 Kb8 13. Nf3 Qe7 14.
Qc4 Rc8 15. Qf4+ Ka8 16. Nc7+ Rxc7 17. Qxc7 Nb8 18. Qxe7 Nxe7 19. Ng5 1-0

[Event "2nd Science Park Open A"]
[Site "Amsterdam NED"]
[Date "2012.07.17"]
[Round "4.9"]
[White "Riemersma, Li"]
[Black "Kohler, Aran"]
[Result "0-1"]
[WhiteTitle "IM"]
[BlackTitle "FM"]
[WhiteElo "2425"]
[BlackElo "2229"]
[WhiteFideId "1000250"]
[BlackFideId "1002856"]
[EventDate "2012.07.14"]

1. c4 e6 2. d4 Nf6 3. Nc3 d5 4. cxd5 exd5 5. Bg5 c6 6. Qc2 h6 7. Bh4 Be7 8. e3
b5 9. Bd3 O-O 10. a3 a5 11. Nf3 Nh5 12. Bxe7 Qxe7 13. O-O Nd7 14. e4 dxe4 15.
Bxe4 Ra6 16. Rfe1 Qd8 17. d5 cxd5 18. Nxd5 Kh8 19. Rad1 Rd6 20. Nd4 Ndf6 21.
Nxb5 Rxd5 22. Bxd5 Nxd5 23. Qc5 Nhf6 24. Nd6 Be6 25. h3 Qa8 26. Rd4 Rb8 27. b4
axb4 28. axb4 Qa3 29. Qa5 Qc3 30. Red1 Nxb4 31. Nb5 Qb3 32. Qxb4 Rxb5 33. Qf8+
Kh7 34. R1d3 Qb1+ 35. Kh2 Rb8 36. Qd6 Rc8 37. Qe5 Rc1 38. Rd2 Rh1+ 39. Kg3 Qg6+
40. Kf3 Rg1 41. g4 Nxg4 42. hxg4 Bxg4+ 43. Kf4 Bc8 44. Re2 Ba6 45. Ree4 Qg4+ 46.
Ke3 Qe2+ 0-1

[Event "2nd Science Park Open A"]
[Site "Amsterdam NED"]
[Date "2012.07.17"]
[Round "4.10"]
[White "Ten Hertog, Hugo"]
[Black "Efroimski, Marsel"]
[Result "1-0"]
[WhiteTitle "FM"]
[BlackTitle "WIM"]
[WhiteElo "2349"]
[BlackElo "2187"]
[WhiteFideId "1026356"]
[BlackFideId "2810964"]
[EventDate "2012.07.14"]

1. b3 e5 2. Bb2 Nc6 3. c4 Nf6 4. d3 d5 5. cxd5 Nxd5 6. Nf3 f6 7. Nbd2 Bg4 8. a3
Qd7 9. e3 Nb6 10. Be2 Rd8 11. Rc1 Bf5 12. e4 Be6 13. b4 Qf7 14. b5 Nd4 15. Nxd4
exd4 16. Nf3 Bb3 17. Qd2 Na4 18. Nxd4 Bc5 19. Nf3 Qe7 20. O-O Nxb2 21. Qxb2 Bf7
22. Rc3 Bh5 23. Qb3 Bxf3 24. Bxf3 Qe5 25. Bg4 b6 26. Be6 Ke7 27. Bd5 Rhe8 28.
Rc4 Kf8 29. Qa4 Rxd5 30. exd5 Qxd5 31. Re4 Ra8 32. Qc4 Qxc4 33. Rxc4 a6 34. bxa6
Rxa6 35. a4 Ra8 36. d4 Bd6 37. Re1 Ra5 38. g3 Kf7 39. Kg2 Rd5 40. Re3 Ra5 41. h3
Rd5 42. Kf3 Rf5+ 43. Ke2 Ra5 44. Kd3 Rf5 45. Re2 Ra5 46. Kc3 Rf5 47. Kb3 Rd5 48.
Kc2 Ra5 49. g4 Rd5 50. Kd3 Ra5 51. Rb2 Ra8 52. Ke4 Ke6 53. Rb5 g6 54. f4 Kd7 55.
f5 Re8+ 56. Kd5 gxf5 57. gxf5 Re3 58. Rc6 Be7 59. Re6 Rxh3 60. Rb1 Rh5 61. Rf1
Rg5 62. Ke4 Rg2 63. Rh1 Rg7 64. Rh4 Bd8 65. Rh5 Be7 66. Kd5 Rf7 67. Re4 Bf8 68.
Reh4 h6 69. Re4 Bg7 70. Re6 Bf8 71. Rh3 Bg7 72. Rg3 Kd8 73. Kc6 Bf8 74. Rg8 h5
75. Rh8 h4 76. Rxh4 Bg7 77. Rhe4 Rf8 78. Re7 1-0

[Event "2nd Science Park Open A"]
[Site "Amsterdam NED"]
[Date "2012.07.17"]
[Round "4.11"]
[White "Prieto Aranguren, Alain"]
[Black "Plukkel, Sjoerd"]
[Result "0-1"]
[WhiteElo "2232"]
[BlackElo "2274"]
[WhiteFideId "2268906"]
[BlackFideId "1008676"]
[EventDate "2012.07.14"]

1. d4 d6 2. Nf3 Nd7 3. c4 e5 4. Nc3 Ngf6 5. e4 Be7 6. Be2 O-O 7. O-O Re8 8. Re1
c6 9. a3 Qc7 10. Bf1 Nf8 11. h3 Ng6 12. g3 Bd7 13. Be3 Bf8 14. Qc2 a6 15. b4
exd4 16. Nxd4 c5 17. Nf3 cxb4 18. axb4 Be6 19. Na4 Nd7 20. Rac1 b5 21. Nb2 Nde5
22. Nd4 Bxc4 23. Nxc4 Nxc4 24. Bxc4 bxc4 25. Qa2 Qb7 26. Rxc4 Ne5 27. Rc3 Qxe4
28. Rc7 d5 29. Qa4 Bd6 30. Ra7 Rxa7 31. Qxe8+ Bf8 32. Qb8 Re7 33. Rc1 Nc4 34.
Rc3 Re8 35. Qb7 Qb1+ 36. Rc1 Qxb4 37. Qd7 Qb8 38. Bf4 Qd8 39. Qb7 Bc5 40. Nb3
Na5 41. Nxa5 Qxa5 42. Kg2 Bf8 43. Rc7 Qb5 44. Qa7 Re1 45. Rxf7 Qf1+ 46. Kf3 Qe2+
47. Kg2 Qe4+ 48. f3 Re2+ 0-1

[Event "2nd Science Park Open A"]
[Site "Amsterdam NED"]
[Date "2012.07.17"]
[Round "4.12"]
[White "Timmermans, Mark"]
[Black "Zult, Daan"]
[Result "1-0"]
[WhiteElo "2194"]
[BlackElo "2252"]
[WhiteFideId "1026399"]
[BlackFideId "1005510"]
[EventDate "2012.07.14"]

1. e4 e5 2. Nf3 Nc6 3. Bc4 Nf6 4. Ng5 d5 5. exd5 Na5 6. Bb5+ c6 7. dxc6 bxc6 8.
Qf3 Rb8 9. Be2 Be7 10. Ne4 Nd5 11. Qg3 O-O 12. Qxe5 f5 13. Qxb8 fxe4 14. Nc3 Nf4
15. Qxa7 Bf6 16. Nxe4 Bd4 17. Qb8 Bxf2+ 18. Nxf2 Nxg2+ 19. Kf1 Nf4 20. Qe5 Nh3
21. Ke1 Rxf2 22. d3 Rf7 23. Be3 Re7 24. Qg3 Qd5 25. Rf1 h6 26. Qf3 Qe5 27. Bd4
Qe6 28. Kd2 c5 29. Bxc5 Rd7 30. Qf8+ Kh7 31. Qf5+ Qxf5 32. Rxf5 Nc4+ 33. Kc3 Rc7
34. Bg4 Ne3 35. Bxh3 Nxf5 36. b4 g5 37. a4 h5 38. Bxf5+ Bxf5 39. a5 1-0

[Event "2nd Science Park Open A"]
[Site "Amsterdam NED"]
[Date "2012.07.17"]
[Round "4"]
[White "Visser, Henk Jan"]
[Black "Ritsema, Ronald"]
[Result "1-0"]
[WhiteElo "2246"]
[BlackElo "2054"]
[WhiteFideId "1010204"]
[BlackFideId "1010409"]
[EventDate "2012.07.14"]

1. e4 e6 2. d4 d5 3. Nc3 Bb4 4. e5 c5 5. a3 Bxc3+ 6. bxc3 Ne7 7. Qg4 Qc7 8. Qxg7
Rg8 9. Qxh7 cxd4 10. Ne2 dxc3 11. f4 Nbc6 12. Qd3 Nf5 13. Nxc3 Ncd4 14. Ra2 Bd7
15. Bd2 Qb6 16. Kd1 Rc8 17. Kc1 a6 18. Rb2 Qc5 19. Kb1 Nb5 20. Nxb5 Bxb5 21.
Rxb5 axb5 22. Qxb5+ Qxb5+ 23. Bxb5+ Kf8 24. Bb4+ Kg7 25. Bd3 Kh8 26. Rg1 Ne3 27.
g3 Ra8 28. Be7 Rgc8 29. g4 Nc4 30. Kc1 Nxa3 31. Rg3 f5 32. gxf5 Nc4 33. Bf6+ Kh7
34. fxe6+ Kh6 35. Rh3# 1-0

[Event "2nd Science Park Open A"]
[Site "Amsterdam NED"]
[Date "2012.07.17"]
[Round "4"]
[White "Duijker, Rick"]
[Black "Pruijssers, Roeland"]
[Result "0-1"]
[WhiteTitle "FM"]
[BlackTitle "GM"]
[WhiteElo "2195"]
[BlackElo "2525"]
[WhiteFideId "1010565"]
[BlackFideId "1013068"]
[EventDate "2012.07.14"]

1. d4 f5 2. g3 Nf6 3. Bg2 g6 4. Nf3 Bg7 5. O-O O-O 6. c4 d6 7. Nc3 Qe8 8. e4
fxe4 9. Ng5 Bg4 10. Qb3 Nc6 11. Qxb7 Rb8 12. Qxc7 Rc8 13. Qb7 Nxd4 14. Ncxe4
Nxe4 15. Qxe4 Qd7 16. Be3 Bf5 17. Qh4 h6 18. Ne4 Rxc4 19. Bxh6 Bxh6 20. Qxh6
Ne2+ 21. Kh1 Rxe4 22. f3 Re6 23. g4 Bd3 24. f4 Rf7 25. Bd5 Qb5 26. Bxe6 Be4+ 27.
Rf3 Bxf3# 0-1

[Event "2nd Science Park Open A"]
[Site "Amsterdam NED"]
[Date "2012.07.17"]
[Round "4"]
[White "Vogel, Jaap"]
[Black "Schoorl, Rob"]
[Result "0-1"]
[WhiteTitle "FM"]
[BlackTitle "FM"]
[WhiteElo "2179"]
[BlackElo "2362"]
[WhiteFideId "1000764"]
[BlackFideId "1009508"]
[EventDate "2012.07.14"]

1. d4 d5 2. c4 c6 3. Nf3 Nf6 4. e3 Bg4 5. Nc3 e6 6. Qb3 Qb6 7. Nh4 Bh5 8. h3 Na6
9. Bd2 Qxb3 10. axb3 Nb4 11. Rc1 a5 12. g4 Bg6 13. Nxg6 hxg6 14. f3 b6 15. Kf2
O-O-O 16. Na4 Kb7 17. c5 bxc5 18. Nxc5+ Bxc5 19. Rxc5 Kb6 20. Be2 Nd7 21. Rcc1
e5 22. Ra1 c5 23. Bxb4 cxb4 24. dxe5 Nc5 25. Rad1 Nxb3 26. f4 Rd7 27. Bc4 dxc4
28. Rxd7 c3 29. bxc3 bxc3 30. Rxf7 c2 31. Rxg7 Rxh3 32. Rxg6+ Kb5 33. Rxh3 c1=Q
34. Rhh6 Nd2 0-1

[Event "2nd Science Park Open A"]
[Site "Amsterdam NED"]
[Date "2012.07.17"]
[Round "4"]
[White "Losekoot, Pascal"]
[Black "Hovenga, Alje"]
[Result "0-1"]
[WhiteElo "2084"]
[BlackElo "2247"]
[WhiteFideId "1012410"]
[BlackFideId "1005812"]
[EventDate "2012.07.14"]

1. e4 c6 2. d4 d5 3. e5 c5 4. dxc5 e6 5. a3 Nc6 6. Nf3 Bxc5 7. b4 Bb6 8. Bd3
Nge7 9. O-O Qc7 10. Bb2 Bd7 11. Nbd2 Ng6 12. Re1 O-O 13. c4 dxc4 14. Nxc4 Rfd8
15. Nd6 Be8 16. Bxg6 fxg6 17. Ng5 Qe7 18. Qg4 Bd7 19. Rad1 Rf8 20. Re2 Nd8 21.
Rd3 h6 22. Nge4 g5 23. g3 Bc6 24. h4 Bxe4 25. Nxe4 Nf7 26. Nf6+ gxf6 27. exf6
Qc7 28. Qh5 Kh7 29. hxg5 Nxg5 30. Rxe6 Rf7 31. Red6 Qc2 32. Rd2 Qe4 33. Rd7 Rf8
34. R7d3 Qf5 35. Qd1 Ne4 36. Rf3 Qg4 37. Qe2 Nxd2 38. Qd3+ Ne4 39. Rf4 Qxg3+ 40.
Qxg3 Nxg3 0-1

[Event "2nd Science Park Open A"]
[Site "Amsterdam NED"]
[Date "2012.07.17"]
[Round "4"]
[White "Kuling, Lody"]
[Black "Gravemaker, Wim Laurens"]
[Result "1-0"]
[WhiteElo "2244"]
[BlackElo "2066"]
[WhiteFideId "1019686"]
[BlackFideId "1036149"]
[EventDate "2012.07.14"]

1. e4 c6 2. Nf3 d5 3. Nc3 dxe4 4. Nxe4 Nf6 5. Nxf6+ exf6 6. d4 Bd6 7. Be2 O-O 8.
O-O Bf5 9. Re1 Nd7 10. Nh4 Bg6 11. Nxg6 hxg6 12. Bf3 Qc7 13. g3 Rfe8 14. Bd2 Qb6
15. c3 c5 16. Qb3 cxd4 17. Qxb6 Nxb6 18. cxd4 Rxe1+ 19. Rxe1 Nc4 20. Bc3 Rb8 21.
a4 b6 22. Bd5 Rc8 23. Kg2 Na3 24. Re2 b5 25. bxa3 Rxc3 26. Re8+ Kh7 27. axb5 Rd3
28. Bxf7 Rxd4 29. Rd8 Bc5 30. Rxd4 Bxd4 31. h4 g5 32. h5 Bc5 33. a4 Bb4 34. g4
Kh8 35. f3 Kh7 36. Kf2 Kh8 37. Ke3 Kh7 38. Kd4 Kh8 39. Kd5 Bd2 40. Kc6 f5 41.
Kb7 fxg4 42. fxg4 Be3 43. a5 g6 44. hxg6 1-0

[Event "2nd Science Park Open A"]
[Site "Amsterdam NED"]
[Date "2012.07.17"]
[Round "4"]
[White "De Saegher, Chris"]
[Black "Schroer, Marcel"]
[Result "0-1"]
[WhiteElo "2208"]
[BlackElo "2088"]
[WhiteFideId "1004433"]
[BlackFideId "1012908"]
[EventDate "2012.07.14"]

1. d4 d5 2. c4 c6 3. Nf3 Nf6 4. cxd5 cxd5 5. Nc3 Nc6 6. Bf4 a6 7. Rc1 Bf5 8. e3
Rc8 9. Be2 e6 10. O-O Bd6 11. Bxd6 Qxd6 12. Qb3 Rc7 13. Na4 O-O 14. Nc5 Qe7 15.
Rc3 Bg4 16. Rfc1 Ne4 17. R3c2 a5 18. a3 Rfc8 19. Qb6 g6 20. Na6 Rd7 21. Ne5 Bxe2
22. Rxe2 Rd6 23. Rec2 Nxe5 24. Rxc8+ Kg7 25. Qc7 Qh4 26. dxe5 Qxf2+ 27. Kh1 Rc6
28. Qxc6 bxc6 29. R8xc6 Qxe3 30. h3 Nf2+ 31. Kh2 Qxe5+ 32. Kg1 Qg3 33. Kf1 Nd3 0-1

[Event "2nd Science Park Open A"]
[Site "Amsterdam NED"]
[Date "2012.07.17"]
[Round "4"]
[White "Van Dorp, Folke"]
[Black "Jacobs, Florian"]
[Result "1/2-1/2"]
[WhiteElo "2183"]
[BlackElo "2130"]
[WhiteFideId "1023209"]
[BlackFideId "1018329"]
[EventDate "2012.07.14"]

1. d4 Nf6 2. c4 c5 3. d5 e6 4. Nc3 exd5 5. cxd5 d6 6. Nf3 g6 7. Nd2 Bg7 8. Nc4
O-O 9. Bf4 Na6 10. e3 Nh5 11. Bxd6 Re8 12. Bg3 Nxg3 13. hxg3 Nb4 14. Be2 a6 15.
e4 b5 16. Ne3 c4 17. O-O f5 18. exf5 Bxf5 19. Nxf5 gxf5 20. Qd2 Ra7 21. a4 Bxc3
22. bxc3 Qxd5 23. Qxd5+ Nxd5 24. Bf3 Rd7 25. axb5 axb5 26. Rfd1 1/2-1/2